| 000 | 00455nam a2200193Ia 4500 | ||
|---|---|---|---|
| 008 | 180207s9999 xx 000 0 und d | ||
| 020 | _a9780516230238 | ||
| 050 | _bF663 2000 | ||
| 100 | _aFoley, Cate | ||
| 245 | _aFind the wild animal / | ||
| 245 | _cCate Foley. | ||
| 260 | _aNew York : | ||
| 260 | _bScholastic, | ||
| 260 | _c2000 | ||
| 300 | _a24 pages : | ||
| 300 | _bcolor illustration ; | ||
| 300 | _c15cm. | ||
| 440 | _aWelcome books. | ||
| 999 |
_c355379 _d355379 |
||